Semiología y lingüística general
-д хадгалсан:
| Үндсэн зохиолчид: | , |
|---|---|
| Формат: | Ном |
| Хэл сонгох: | испани |
| Хэвлэсэн: |
Madrid
Alcalá
1974
|
| Хэвлэл: | 4a. ed |
| Нөхцлүүд: | |
| Шошгууд: |
Шошго нэмэх
Шошго байхгүй, Энэхүү баримтыг шошголох эхний хүн болох!
|
MARC
| LEADER | 00000nam a2200000 a 4500 | ||
|---|---|---|---|
| 001 | UCI0315 | ||
| 003 | CL-VaPUC | ||
| 008 | 070504e19740000SP |||||||||||||||||spa|d | ||
| 020 | |a 8440067011 | ||
| 082 | 0 | 4 | |a 410 |b SAB |2 21 |
| 100 | 0 | |a Sabín, Angel |e author |9 520482 | |
| 700 | 0 | |a Urrutia, Jorge |e author |9 520483 | |
| 245 | 1 | 0 | |a Semiología y lingüística general |
| 250 | |a 4a. ed | ||
| 300 | |a 150 p | ||
| 942 | |c BK | ||
| 945 | |d 20070504 00:00:00 |a jtorresc | ||
| 260 | |a Madrid |b Alcalá |c 1974 | ||
| 650 | 0 | |a Lingüística |9 265068 | |
| 650 | 0 | |a Semiótica |9 265317 | |
| 583 | |a last modification |c 20130304 05:03:10 |k Rodrigo Vera | ||
| 999 | |c 325552 |d 325550 | ||
| 952 | |0 0 |1 0 |4 0 |6 410_000000000000000_SAB_1974 |7 0 |8 A |9 406539 |a FDOPOS |b FDOPOS |d 2019-11-22 |i 4271882 |o 410 SAB 1974 |p 4271882 |r 2025-01-22 |w 2019-11-22 |y BK |k MLA | ||